[Event "2013 Canadian Open"]
[Site "Ottawa"]
[Date "2013.07.13"]
[Round "1"]
[White "Short, Nigel D"]
[Black "Jobin, Gilles"]
[Result "1-0"]
[WhiteElo "2697"]
[BlackElo "1942"]
[PlyCount "71"]
[EventDate "2013.07.??"]
[EventType "swiss"]
[EventRounds "9"]
[EventCountry "CAN"]
[Source "John Upper"]
[SourceDate "2013.07.22"]

1. c4 c5 2. Nf3 Nf6 3. Nc3 Nc6 4. e3 g6 5. d4 cxd4 6. exd4 d5 7. cxd5 Nxd5 8.
Qb3 e6 9. Bb5 Bg7 10. Bg5 Qa5 11. O-O O-O 12. Nxd5 exd5 13. Bxc6 bxc6 14. Rfc1
Qa6 15. Qc3 f6 16. Be3 Bd7 17. Ne1 Rf7 18. Nd3 Bf8 19. Nc5 Bxc5 20. dxc5 Qa4
21. Bd4 Raf8 22. b3 Qa6 23. Re1 Bf5 24. Re3 Qc8 25. Rae1 Qd8 26. f3 Bd7 27. Kf2
h5 28. b4 Qc7 29. g3 h4 30. Re7 hxg3+ 31. hxg3 Qd8 32. Rxf7 Kxf7 33. Rh1 Rh8
34. Bxf6 Qxf6 35. Qxf6+ Kxf6 36. Rxh8 1-0

[Event "2013 Canadian Open"]
[Site "Ottawa"]
[Date "2013.07.13"]
[Round "1"]
[White "Villeneuve, Luc"]
[Black "Arencibia, Walter"]
[Result "0-1"]
[WhiteElo "1931"]
[BlackElo "2526"]
[PlyCount "48"]
[EventDate "2013.07.??"]
[EventType "swiss"]
[EventRounds "9"]
[EventCountry "CAN"]
[Source "John Upper"]
[SourceDate "2013.07.22"]

1. g3 d5 2. Bg2 c6 3. d3 e5 4. Nf3 Nd7 5. a3 Ngf6 6. b4 a5 7. Bb2 axb4 8. Nxe5
Nxe5 9. Bxe5 bxa3 10. O-O Be6 11. Nd2 Ng4 12. Nf3 Nxe5 13. Nxe5 Bb4 14. d4 a2
15. Qd3 Ra3 16. c3 Bxc3 17. Rxa2 Rxa2 18. Qxc3 O-O 19. Rb1 Qe7 20. e3 Bf5 21.
Rc1 Rfa8 22. g4 Qh4 23. Qe1 Bxg4 24. f3 Rxg2+ 0-1

[Event "2013 Canadian Open"]
[Site "Ottawa"]
[Date "2013.07.16"]
[Round "5"]
[White "Cao, Jason"]
[Black "Perez Rodriguez, Luis Manuel"]
[Result "1/2-1/2"]
[WhiteElo "2239"]
[BlackElo "2480"]
[PlyCount "48"]
[EventDate "2013.07.??"]
[EventType "swiss"]
[EventRounds "9"]
[EventCountry "CAN"]
[Source "John Upper"]
[SourceDate "2013.07.22"]

1. e4 e5 2. Nf3 Nc6 3. d4 exd4 4. Nxd4 d6 5. Nc3 Nf6 6. Bb5 Bd7 7. Bxc6 bxc6 8.
Qf3 c5 9. Nf5 Bxf5 10. Qxf5 Qd7 11. Qf3 Qg4 12. Qxg4 Nxg4 13. Nd5 O-O-O 14. f3
Ne5 15. Bg5 f6 16. Bf4 Ng6 17. Bg3 Ne7 18. O-O-O Nxd5 19. exd5 g6 20. c4 Kd7
21. Kc2 Kc8 22. Kc1 Kd7 23. Kc2 Kc8 24. Kc1 Kd7 1/2-1/2

[Event "2013 Canadian Open"]
[Site "Ottawa"]
[Date "2013.07.17"]
[Round "6.6"]
[White "Gerzhoy, Leonid"]
[Black "Kiewra, Keaton"]
[Result "1-0"]
[WhiteElo "2571"]
[BlackElo "2423"]
[PlyCount "67"]
[EventDate "2013.07.??"]
[EventType "swiss"]
[EventRounds "9"]
[EventCountry "CAN"]
[Source "John Upper"]
[SourceDate "2013.07.22"]

1. d4 Nf6 2. c4 g6 3. Nc3 Bg7 4. e4 d6 5. Be2 O-O 6. Nf3 e5 7. O-O Na6 8. Re1
c6 9. d5 Nc5 10. Qc2 a5 11. Bg5 h6 12. Be3 cxd5 13. cxd5 b6 14. Nd2 Bd7 15. Bb5
Rb8 16. a4 Nh5 17. Bxc5 bxc5 18. Bxd7 Qxd7 19. Nc4 Nf4 20. Nxa5 h5 21. Nc6 Ra8
22. Ne2 Qg4 23. Nxf4 exf4 24. f3 Qh4 25. a5 Ra6 26. Rab1 (26. Rac1) 26... Rfa8
27. Qf2 Qg5 28. h4 Qf6 29. e5 dxe5 30. Qxc5 Bf8 31. Qc4 Rxa5 32. Nxa5 Rxa5 33.
b4 Ra4 34. Qc6 1-0

[Event "2013 Canadian Open"]
[Site "Ottawa"]
[Date "2013.07.17"]
[Round "6.7"]
[White "Samsonkin, Artem"]
[Black "Calugar, Arthur"]
[Result "1/2-1/2"]
[WhiteElo "2557"]
[BlackElo "2418"]
[PlyCount "114"]
[EventDate "2013.07.??"]
[EventType "swiss"]
[EventRounds "9"]
[EventCountry "CAN"]
[Source "John Upper"]
[SourceDate "2013.07.22"]

1. e4 c5 2. Nf3 e6 3. Nc3 Nc6 4. Bb5 Nge7 5. O-O a6 6. Bxc6 Nxc6 7. d4 cxd4 8.
Nxd4 Be7 9. Re1 O-O 10. Nxc6 dxc6 11. Qxd8 Rxd8 12. e5 b5 13. Be3 c5 14. Ne4
Rd5 15. Rad1 Rxe5 16. Bf4 Rd5 17. Nf6+ gxf6 18. Rxd5 exd5 19. Rxe7 Bf5 20. Rc7
Re8 21. h3 c4 22. c3 Re1+ 23. Kh2 Kg7 24. Be3 Rb1 25. g4 Be6 26. f4 f5 27. Kg3
Kg6 28. Ra7 Rxb2 29. Ra8 fxg4 30. hxg4 h5 31. gxh5+ Kxh5 32. Bd4 Kg6 (32...
Rxa2 33. Rh8+ Kg6 34. Rg8+ Kf5 35. Rg5+ Ke4 36. Re5+ Kd3 37. f5 Re2 $1 $19) 33.
Rg8+ Kf5 34. Kf3 Bd7 35. a3 a5 36. Ra8 b4 37. Rxa5 b3 38. Rxd5+ Ke6 39. Rc5 Rh2
40. Rxc4 b2 41. Rb4 Bc6+ 42. Ke3 f5 43. Rb6 Kd7 44. c4 Rh3+ 45. Kd2 Rxa3 46.
Bxb2 Rf3 47. Be5 Be4 48. Rd6+ Kc8 49. c5 Ra3 50. Rf6 Kb7 51. Rb6+ Ka7 52. Bb8+
Ka8 53. Bd6 Rd3+ 54. Kc1 Ka7 55. Rb2 Bb7 56. Bb8+ Kxb8 57. c6 Rd4 1/2-1/2

[Event "2013 Canadian Open"]
[Site "Ottawa"]
[Date "2013.07.17"]
[Round "6.10"]
[White "Cheng, Bindi"]
[Black "Derraugh, Geordie"]
[Result "1/2-1/2"]
[WhiteElo "2516"]
[BlackElo "2297"]
[PlyCount "120"]
[EventDate "2013.07.??"]
[EventType "swiss"]
[EventRounds "9"]
[EventCountry "CAN"]
[Source "John Upper"]
[SourceDate "2013.07.22"]

1. Nf3 Nf6 2. c4 g6 3. Nc3 d5 4. cxd5 Nxd5 5. Qa4+ Bd7 6. Qh4 Nb6 7. d4 Bg7 8.
Bh6 O-O 9. Ng5 f6 10. Bxg7 fxg5 11. Qh6 Rf7 12. Be5 c5 13. e3 Nc6 14. Qxg5 cxd4
15. exd4 Rf5 16. Qg3 Nxe5 17. dxe5 Qc7 18. Be2 Qxe5 19. O-O Qxg3 20. hxg3 Bc6
21. Rad1 Raf8 22. b4 Na4 23. Bc4+ Kg7 24. Ne2 Nb2 25. Rc1 Rd8 26. Bb3 Rd6 27.
Rc3 Re5 28. Re3 Rxe3 29. fxe3 Rd2 30. Nf4 (30. Rf7+ Kh6 31. Nd4 (31. Nf4 e5)
31... Rxg2+ 32. Kf1) 30... g5 (30... e5 $1) 31. Ne6+ Kh6 32. Rf7 Rxg2+ 33. Kf1
Rxg3 34. Rxe7 Rxe3 35. Kf2 Re5 36. Bc2 Be4 37. Bxe4 Rxe4 38. Rxh7+ Kxh7 39.
Nxg5+ Kg6 40. Nxe4 Nd3+ 41. Ke3 Nxb4 42. Nd6 b6 43. a3 Nc6 44. Kd3 Kf6 45. Kc4
Ke6 46. Ne4 a6 47. Nc3 Ke5 48. a4 Na5+ 49. Kb4 Kd4 50. Ne2+ Kd3 51. Nf4+ Ke4
52. Ne6 Nc6+ 53. Kc4 Ne5+ 54. Kb4 Nd3+ 55. Kc4 Nb2+ 56. Kb3 Nd3 57. Kc4 Ne5+
58. Kb4 Kd5 59. Nc7+ Kc6 60. Nxa6 Kb7 1/2-1/2

[Event "2013 Canadian Open"]
[Site "Ottawa"]
[Date "2013.07.17"]
[Round "6.12"]
[White "Miller, Evgeny"]
[Black "Arencibia, Walter"]
[Result "1-0"]
[WhiteElo "2234"]
[BlackElo "2526"]
[PlyCount "75"]
[EventDate "2013.07.??"]
[EventType "swiss"]
[EventRounds "9"]
[EventCountry "CAN"]

1. e4 c5 2. c3 e6 3. d4 d5 4. e5 Qb6 5. Nf3 Nc6 6. a3 c4 7. Nbd2 Na5 8. g3 Bd7
9. Bg2 Be7 10. O-O O-O-O 11. Re1 h5 12. h4 Nh6 13. Qe2 f6 (13... Ba4 14. Ng5)
14. Rb1 Ng4 15. exf6 Bxf6 16. Nf1 Be8 17. Bf4 (17. Qxe6+ $6 Qxe6 18. Rxe6 Bg6
$15) 17... Bg6 18. Rbd1 Rhe8 19. N1h2 Bd3 20. Rxd3 cxd3 21. Qxd3 Nc4 22. Nxg4
hxg4 23. Nd2 Nd6 24. b4 Nf5 25. Nb3 Re7 26. Nc5 g6 27. Qd1 Rde8 28. Qxg4 e5 29.
dxe5 Bxe5 30. Rxe5 Rxe5 31. Bxe5 Rxe5 32. Nd3 Re6 33. Bxd5 Rf6 34. Nc5 Kc7 35.
Qc4 Nd6 36. Qe2 Nf5 37. Qe5+ Qd6 38. Ne6+ 1-0

[Event "2013 Canadian Open"]
[Site "Ottawa"]
[Date "2013.07.17"]
[Round "8.15"]
[White "Valdizon, Armando"]
[Black "Arencibia, Walter"]
[Result "1/2-1/2"]
[WhiteElo "2219"]
[BlackElo "2526"]
[PlyCount "109"]
[EventDate "2013.07.??"]
[EventType "swiss"]
[EventRounds "9"]
[EventCountry "CAN"]
[Source "John Upper"]
[SourceDate "2013.07.22"]

1. Nf3 d5 2. d4 e6 3. Bf4 c5 4. c3 Nc6 5. e3 Bd6 6. Nbd2 Bxf4 7. exf4 cxd4 8.
Nxd4 Nxd4 9. cxd4 Qb6 10. Qb3 Qxd4 11. Bb5+ Kf8 12. Qa3+ Ne7 13. Rc1 Qxf4 14.
O-O Qxd2 15. Rc7 Qg5 16. Qd6 g6 17. f4 Qf6 18. Rfc1 Rg8 19. Qd8+ Kg7 20. Qxe7
Rf8 21. b4 a6 22. Be8 Qd4+ 23. Kh1 Qxf4 24. Kg1 g5 $2 (24... Qd4+ $1 25. Kh1
Qf6 $1 $19 26. Qxf6+ Kxf6 27. Rxc8 Rxe8 $19) 25. Rf1 $11 Rxe8 $8 26. Qc5 $8 b6
27. Qc6 Qe3+ 28. Kh1 Rf8 29. Qxa8 Qe2 30. Kg1 Bd7 31. Qb7 Be8 32. Qxb6 (32. Re7
{(/\Rxe8)} Qe3+ 33. Kh1 Qe2 34. Kg1 $11) 32... Bb5 33. Rfc1 Bc4 34. a4 e5 35.
Qf2 Qxf2+ 36. Kxf2 Rb8 37. Rb1 Rb6 38. Rc5 h5 39. b5 axb5 40. axb5 f6 41. Ke3
Kf7 42. Kd2 Ke6 43. Kc3 Kd6 44. Kb4 e4 45. Ra1 e3 46. Re1 e2 47. Rxc4 dxc4 48.
Kxc4 Rb8 49. Rxe2 Rc8+ 50. Kb4 Rc1 51. Rf2 Rb1+ 52. Ka5 Kc7 53. Rxf6 Ra1+ 54.
Kb4 Ra2 55. Rh6 1/2-1/2

[Event "2013 Canadian Open"]
[Site "Ottawa"]
[Date "2013.07.20"]
[Round "9.23"]
[White "Kalra, Agastya"]
[Black "Sohal, Tanraj"]
[Result "1-0"]
[WhiteElo "2130"]
[BlackElo "2263"]
[PlyCount "57"]
[EventDate "2013.07.??"]
[EventType "swiss"]
[EventRounds "9"]
[EventCountry "CAN"]
[Source "John Upper"]
[SourceDate "2013.07.22"]

1. e4 c5 2. Nf3 Nc6 3. Bb5 g6 4. Bxc6 dxc6 5. d3 Bg7 6. Nc3 e5 7. Be3 Qe7 8.
Qd2 Bg4 9. O-O-O O-O-O 10. h3 Bd7 11. Na4 b6 12. Qc3 f6 13. Nxc5 $1 $16 bxc5
14. Bxc5 Qf7 15. Qa5 Be6 16. Bxa7 Qb7 17. Bb6 Rd7 18. d4 $1 exd4 $2 19. Nxd4
$18 Bf7 20. Nf5 $1 (20. Nxc6 $1 Qxc6 21. Qa6+ Qb7 22. Qxb7+ Kxb7 (22... Rxb7
23. Rd8#) 23. Rxd7+ $18) 20... Bh6+ 21. Kb1 gxf5 22. Rxd7 Kxd7 23. Rd1+ Bd5 24.
exd5 cxd5 25. Rxd5+ (25. Qb5+ $142) 25... Ke6 26. Rd8 Bf4 $2 (26... Bg7) 27.
Qb4 Be5 28. Qb3+ Ke7 29. Bc5+ 1-0